Luật thương mại Việt Nam dẫn giải

Sách giới thiệu nền thương mại trong xã hội Việt Nam ngày xưa, những tiếp xúc đầu tiên với Tây phương, khái quát những hành vi thương mại, ...

Đã lưu trong:
书目详细资料
主要作者: Lê, Tài Triển
格式: 图书
语言:Undetermined
出版: Sài Gòn Kim Lai Ấn Quán 1972
主题:
标签: 添加标签
没有标签, 成为第一个标记此记录!
Thư viện lưu trữ: Trung tâm Học liệu Trường Đại học Cần Thơ
LEADER 00879nam a2200205Ia 4500
001 CTU_204608
008 210402s9999 xx 000 0 und d
082 |a 346.59707 
082 |b Tr305/Q.1 
100 |a Lê, Tài Triển 
245 0 |a Luật thương mại Việt Nam dẫn giải 
245 0 |c Lê Tài Triển (Chủ biên), Nguyễn Vạng Thọ, Nguyễn Tân 
260 |a Sài Gòn 
260 |b Kim Lai Ấn Quán 
260 |c 1972 
520 |a Sách giới thiệu nền thương mại trong xã hội Việt Nam ngày xưa, những tiếp xúc đầu tiên với Tây phương, khái quát những hành vi thương mại, ... 
650 |a Commercial law,Luật thương mại 
650 |z Vietnam,Việt Nam 
904 |i Hải 
980 |a Trung tâm Học liệu Trường Đại học Cần Thơ